000
00336pab a2200145 454500
008
180718b1985 xxu||||| |||| 00| 0 eng d
100
_a
Desai, M.V.
245
_a
Watching the watch dogs - press council at work
260
_c
1985
300
_a
3-7
362
_a
Feb.
650
_a
Press - India
773
_a
Vidura
909
_a
16019
999
_c
16019
_d
16019